UBT Library

Special article: Diagnostic procedures and methods in the assessment of female pelvic organs, (Record no. 47063)

000 -LEADER
fixed length control field 00835cam a2200217 4500
001 - CONTROL NUMBER
control field 1720524
005 - DATE AND TIME OF LATEST TRANSACTION
control field 20180813085241.0
008 - FIXED-LENGTH DATA ELEMENTS--GENERAL INFORMATION
fixed length control field 720915s1972 mdua b 001 0 eng
010 ## - LIBRARY OF CONGRESS CONTROL NUMBER
LC control number 72219389
040 ## - CATALOGING SOURCE
Original cataloging agency DLC
Transcribing agency DLC
Modifying agency DLC
041 ## - LANGUAGE CODE
Language code of text/sound track or separate title eng
080 ## - UNIVERSAL DECIMAL CLASSIFICATION NUMBER
Universal Decimal Classification number 618.17 SIM
082 00 - DEWEY DECIMAL CLASSIFICATION NUMBER
Classification number 618.17 SIM
100 1# - Rafti
Rafti 10
101 ## - Shkurtesa
Shkurtesa GJIN
245 00 - TITLE STATEMENT
Title Special article: Diagnostic procedures and methods in the assessment of female pelvic organs,
Statement of responsibility, etc [by] M. C. Parekh and G. H. Arronet. Genetics for the obstetrician-gynecologist; guest editors: Joe Leigh Simpson and Arthur C. Christakos.
504 ## - BIBLIOGRAPHY, ETC. NOTE
Bibliography, etc Includes bibliographies.
740 ## - ADDED ENTRY--UNCONTROLLED RELATED/ANALYTICAL TITLE
Uncontrolled related/analytical title Diagnostic procedures and methods in the assessment of female pelvic organs.
906 ## - LOCAL DATA ELEMENT F, LDF (RLIN)
a 7
b cbc
c orignew
d 2
e ncip
f 19
g y-gencatlg
942 ## - ADDED ENTRY ELEMENTS (KOHA)
Source of classification or shelving scheme
Item type Books
Holdings
Withdrawn status Lost status Source of classification or shelving scheme Damaged status Not for loan Collection code Permanent location Current location Shelving location Date acquired Total Checkouts Full call number Barcode Date last seen Price effective from Koha item type
          Koleksioni i përgjithshem UBT - Lipjan UBT - Lipjan Koleksioni i përgjithshem 08/13/2018   618.17 SIM 002-3011126 08/13/2018 08/13/2018 Books
          Koleksioni i përgjithshem UBT - Lipjan UBT - Lipjan Koleksioni i përgjithshem 08/13/2018   618.17 SIM 002-3011131 08/13/2018 08/13/2018 Books
          Koleksioni i përgjithshem UBT - Lipjan UBT - Lipjan Koleksioni i përgjithshem 08/13/2018   618.17 SIM 002-3011136 08/13/2018 08/13/2018 Books
UBT Library © 2015-2024. All rights reserved University Education for Business and Technology